000 00683nam a2200277Ia 4500
005 20260324145301.0
008 008 260324s9999 xx 000 0 eng d
020 _a9781315264967
037 _aEBOOK
040 _aCRL
040 _beng
040 _cCRL
041 _2eng
041 _aeng
084 _qCRL
100 _aPeter M. Lichtenstein
_91222423
245 3 _aAn Introduction to Post-Keynesian and Marxian Theories of Value and Price
260 _bTaylor and Francis
260 _c1983
365 _a
365 _b230
856 _uhttp://www.taylorfrancis.com/books/9781315264967
942 _cEBOOK
999 _c1830105
_d1830105